Sports Quiz

Random Sports or Baseball Quiz

Active MLB Players with 50+ Triples Quiz Stats

Quiz not verified by Sporcle

Challenge
Share
Tweet
Embed
Score 0/24 Timer 06:00
0 Plays Today
Triples Player % Correct
58Derek Jeter
86.9%
73Jose Reyes
75.6%
50Ivan Rodriguez
74.5%
95Jimmy Rollins
73.3%
92Carl Crawford
73.1%
79Juan Pierre
72.7%
68Ichiro Suzuki
72.2%
95Johnny Damon
63.2%
57Curtis Granderson
62.7%
64Carlos Beltran
54.5%
57Luis Castillo
46.7%
53Chone Figgins
43.2%
Triples Player % Correct
56Bobby Abreu
40.7%
53Dave Roberts
40%
74Omar Vizquel
38.2%
58Rafael Furcal
37.5%
68Luis Gonzalez
35.9%
85Cristian Guzman
29.4%
59Mike Cameron
27.4%
55Brian Giles
20.4%
52Nomar Garciaparra
18.4%
57Randy Winn
15.8%
50Orlando Hudson
15.2%
79Ray Durham
11.7%

You're not logged in!

Compare scores with friends on all Sporcle quizzes.
Join for Free
OR
Log In

You Might Also Like...

Show Comments

Extras

Top Quizzes Today


Score Distribution

Your Account Isn't Verified!

In order to create a playlist on Sporcle, you need to verify the email address you used during registration. Go to your Sporcle Settings to finish the process.

Report this User

Report this user for behavior that violates our Community Guidelines.

Details: